000 00289nam a2200121Ia 4500
005 20251222144803.0
008 251222s9999||||xx |||||||||||||| ||spa||
082 _a900M95
245 0 _aPlaza San Martin
250 _a1ra.ed.
264 _bMunicipalidad de Lima Metropolitana
942 _cLIB
999 _c19802
_d19802